| 000 | 01354nac a22003371u 4500 | ||
|---|---|---|---|
| 010 | _a 2005010452 | ||
| 020 | _a1405130121 (alk. paper) | ||
| 020 | _a9781405130127 | ||
| 035 | _a(OCoLC)ocm59148265 | ||
| 082 | 0 | 0 |
_a690.068 _bSMI |
| 090 |
_c7536 _d7536 |
||
| 100 | _aSmith, Nigel J. | ||
| 245 | 1 | 0 |
_aManaging risk in construction projects / _cNigel J. Smith, Tony Merna, Paul Jobling. |
| 250 | _a2nd ed. | ||
| 260 |
_aOxford ; _aMalden, MA : _bBlackwell Pub.,2006 _c2006. |
||
| 300 |
_axii, 244 p. : _bill. ; _c25 cm. |
||
| 500 | _aIncludes index. | ||
| 500 | _adistributer: Al-Ahram | ||
| 511 | _acatalogued by: wessam | ||
| 650 | 0 |
_aBuilding _xSuperintendence. |
|
| 650 | 0 |
_aBuilding _xSafety measures. |
|
| 650 | 0 |
_aConstruction industry _xManagement. |
|
| 650 | 0 | _aRisk assessment. | |
| 700 | 1 | _aMerna, Tony. | |
| 700 | 1 |
_aJobling, Paul, _d1955- |
|
| 856 | 4 | 1 |
_3Table of contents _uhttp://www.loc.gov/catdir/toc/ecip0511/2005010452.html |
| 856 | 4 | 1 |
_3Contributor biographical information _uhttp://www.loc.gov/catdir/enhancements/fy0802/2005010452-b.html |
| 856 | 4 | 1 |
_3Publisher description _uhttp://www.loc.gov/catdir/enhancements/fy0802/2005010452-d.html |
| 942 |
_cBB _k690.068SMI |
||
| 999 |
_c7536 _d7536 |
||